Delitos contra el honor : (Record no. 101883)

MARC details
000 -LEADER
fixed length control field 00772nam a22002177a 4500
005 - DATE AND TIME OF LATEST TRANSACTION
control field 20150928114553.0
008 - FIXED-LENGTH DATA ELEMENTS--GENERAL INFORMATION
fixed length control field 150928b ag ||||| |||| 00| 0 spa d
020 ## - INTERNATIONAL STANDARD BOOK NUMBER
International Standard Book Number 9506793654
050 04 - LIBRARY OF CONGRESS CALL NUMBER
Classification number KHA5593
Item number M47 2005
100 1# - MAIN ENTRY--PERSONAL NAME
Personal name Merlo, María Eva
245 10 - TITLE STATEMENT
Title Delitos contra el honor :
Remainder of title Libertad de expresión y de información /
Statement of responsibility, etc Maria Eva Merlo
250 ## - EDITION STATEMENT
Edition statement 1a ed.
260 ## - PUBLICATION, DISTRIBUTION, ETC. (IMPRINT)
Place of publication, distribution, etc Buenos Aires, Argentina :
Name of publisher, distributor, etc Editorial Universidad,
Date of publication, distribution, etc 2005
300 ## - PHYSICAL DESCRIPTION
Extent 143 p. ;
Dimensions 23 cm.
504 ## - BIBLIOGRAPHY, ETC. NOTE
Bibliography, etc Incluye bibliografía e índice
650 #7 - SUBJECT ADDED ENTRY--TOPICAL TERM
Source of heading or term LEMB
Topical term or geographic name as entry element Difamación
General subdivision Legislación
Geographic subdivision Argentina
650 #7 - SUBJECT ADDED ENTRY--TOPICAL TERM
Source of heading or term LEMB
Topical term or geographic name as entry element Difamación
General subdivision Legislación
Geographic subdivision España
650 #7 - SUBJECT ADDED ENTRY--TOPICAL TERM
Source of heading or term LEMB
Topical term or geographic name as entry element Libertad de información
General subdivision Derecho penal
650 #7 - SUBJECT ADDED ENTRY--TOPICAL TERM
Source of heading or term LEMB
Topical term or geographic name as entry element Libertad de prensa
General subdivision Derecho penal
942 ## - ADDED ENTRY ELEMENTS (KOHA)
Source of classification or shelving scheme Biblioteca del Cogreso de los Estados Unidos
Koha item type Libro
Holdings
Estado de pérdida Fuente de clasificación Estado del daño No para préstamo Ubicación permanente Ubicación actual Apartado o colección Fecha de adquisición Edición Dependencia de educación superior (DES) Área del conocimiento Clasificación Código de Barras Date last seen Número de copia Tipo de recurso
  Biblioteca del Cogreso de los Estados Unidos     Biblioteca del Posgrado en Derecho Biblioteca del Posgrado en Derecho Colección Ernesto Villanueva 28/09/2015 1a ed. Derecho Ciencias Sociales y Administrativas KHA5593 M47 2005 BPD000002871 28/09/2015 1 Libro
  Biblioteca del Cogreso de los Estados Unidos     Biblioteca del Posgrado en Derecho Biblioteca del Posgrado en Derecho Colección Ernesto Villanueva 28/09/2015 1a ed. Derecho Ciencias Sociales y Administrativas KHA5593 M47 2005 BPD000002887 28/09/2015 2 Libro